00881cam a2200217 a 450000100100000000500170001000800410002704000250006808200170009310000420011024501200015226001090027230000390038149000270042050400740044750400190052165000220054065000370056270000370059983000270063600001902720200929165915.0100522s1969 ve ah 000 f spa d aDO-SdBNPbspacBNPHU a863.5bM285d1 aManrique, José María,d1846-1907.14aLos dos avaros :bnovela /cJosé María Manrique ; estudio preliminar y notas de Osvaldo Larrazabal Henríquez. aCaracas, :bEscuela de Letras, Facultad de Humanidades y Educación, Univ. Central de Venezuela,c1969. a203 p. :bil., facsím. ;c21 cm.1 aPrecursores y modernos aIncluye referencias bibliográficas y notas al pie de las páginas. aBibliografía 4aNovela española 4aLiteratura españolaySIGLO XIX1 aLarrazabal Henríquez, Osvaldo, 0aPrecursores y modernos